| 000 | 00341nam a22001457a 4500 | ||
|---|---|---|---|
| 003 | SGT | ||
| 020 | _a978-0-07-0994874 | ||
| 082 |
_a612.015 _bP18P |
||
| 100 | _aPLUMMER,DAVID.T | ||
| 245 | _aAN INTRODUCTION TO PRACTICAL BIOCHEMISTRY | ||
| 260 |
_aCHENNEI _bMC GRAW HILL _c2018 |
||
| 300 | _a332 | ||
| 650 | _aPHARMACY | ||
| 942 |
_2ddc _cBK _01 |
||
| 999 |
_c16073 _d16073 |
||